Jean-Jacques Rousseau, la transparence et l'obstacle : (suivi de) Sept essais sur Rousseau

Zapisane w:
Opis bibliograficzny
1. autor: Starobinski, Jean (auteur)
Format: Książka
Wydane: Paris, France: Gallimard, 1971.
Seria:Collection Tel,
Hasła przedmiotowe:
Etykiety: Dodaj etykietę
Nie ma etykietki, Dołącz pierwszą etykiete!

MARC

LEADER 00000nam a22000007a 4500
003 CL-VaPUC
005 20220822114734.0
008 220727t1971 ||||| |||| 00| 0 eng d
999 |c 437643  |d 437641 
020 |a 2-07-029473-0 
040 |c Pontificia Universidad Católica de Valparaíso 
082 7 |a 848.509 STA 1971  |2 22 
100 |a Starobinski, Jean   |9 324798  |e auteur 
245 |a Jean-Jacques Rousseau, la transparence et l'obstacle :  |b  (suivi de) Sept essais sur Rousseau 
260 |a Paris, France:   |b Gallimard,   |c 1971. 
300 |a 457 páginas.  
490 |a Collection Tel,   |n  6. 
500 |a c.1 Donación Familia Prof. Alejandro Guzmán Brito. 
583 |c 20220727  |k Cristina María Rojas Aguilar 
600 0 |a Rousseau, Jean Jacques,   |9 870355  |d 1712-1778  |x Crítica e interpretación  
650 |a Literatura francesa  |y Siglo 18   |x Historia y crítica   |9 874089 
650 |a Filósofos   |z Francia   |y Siglo 18  |9 874090 
942 |2 ddc  |c BK  |n 0 
952 |0 0  |1 0  |2 ddc  |4 0  |6 848_509000000000000_STA_1971  |7 0  |8 C_AGB  |9 585431  |a BIBDER  |b BIBDER  |d 2022-07-27  |i 5653457  |o 848.509 STA 1971  |p 5653457  |r 2023-01-25  |t 1  |w 2022-07-27  |y BK_US  |k AGB